LEADER 01084nam0 2200325 450 001 9910500410303321 005 20211014090103.0 010 $a9783897905696 100 $a20211014d2019----km y0itay50 ba 101 2 $ager$ceng 102 $aAT 105 $aa 001yy 200 1 $aOtto Prutscher$eallgestalter der Wiener Moderne$fherausgeber/editors Christoph Thun-Hohenstein, Rainald Franz$gtexte von/texts by Silvia Colombari ... [et al.] 210 $aVienna$cMAK$aStuttgart$cArnoldsche$d2019 215 $a160 p.$cill.$d26 cm 225 0 $aMAK studies$v26 300 $aTesto in tedesco e inglese 510 1 $aOtto Prutscher$eUniversal designer of Viennese modernism 610 0 $aPrutscher, Otto 610 0 $aDesign di mobili$aAustria$aVienna$aSec. 20. 702 1$aThun-Hohenstein,$bChristoph 702 1$aFranz,$bRainald 702 1$aColombari,$bSilvia 801 0$aIT$bUNINA$gREICAT$2UNIMARC 901 $aBK 912 $a9910500410303321 952 $aMON C 836$b1232/2021$fFARBC 959 $aFARBC 996 $aOtto Prutscher$91877977 997 $aUNINA LEADER 02714nam 2200697 a 450 001 9910780718803321 005 20200520144314.0 010 $a1-283-16548-1 010 $a9786613165480 010 $a3-11-023379-7 024 7 $a10.1515/9783110233797 035 $a(CKB)2480000000005798 035 $a(EBL)690626 035 $a(OCoLC)819647328 035 $a(SSID)ssj0000530386 035 $a(PQKBManifestationID)11354331 035 $a(PQKBTitleCode)TC0000530386 035 $a(PQKBWorkID)10567808 035 $a(PQKB)10909346 035 $a(MiAaPQ)EBC690626 035 $a(WaSeSS)Ind00009378 035 $a(DE-B1597)39518 035 $a(OCoLC)1013948002 035 $a(OCoLC)853252767 035 $a(DE-B1597)9783110233797 035 $a(Au-PeEL)EBL690626 035 $a(CaPaEBR)ebr10468363 035 $a(CaONFJC)MIL316548 035 $a(PPN)17552615X 035 $a(EXLCZ)992480000000005798 100 $a20110603d2010 uy 0 101 0 $ager 135 $aur||||||||||| 181 $ctxt 182 $cc 183 $acr 200 00$aHandbuch des Antisemitismus$b[electronic resource] $eJudenfeindschaft in Geschichte und Gegenwart /$fHerausgegeben von Wolfgang Benz. Band 3, Begriffe, Theorien, Ideologien 210 $aBerlin $cDe Gruyter$d2010 215 $a1 online resource (401 p.) 225 0 $aHandbuch des Antisemitismus 300 $aDescription based upon print version of record. 311 $a3-598-24074-0 320 $aIncludes bibliographical references and index. 327 $t Frontmatter -- $tInhalt -- $tA-K -- $tL-Z -- $t Backmatter 330 $aThe third volume covers terms, theories and ideologies of anti-Semitism from A as in ?"Abwehr" (resistance) to Z as in "Zwangstaufe" (forced baptism). In 150 articles 88 authors explain terms and metaphors such as "Aryan Acts", "race defilers" and "usurer-Jew"as well as stereotypes like "well poisoning", "host desecration" and "decide". The volume also explores phenomena such as redemptive anti-Semitism, Holocaust denial, and hostility towards Jews in antiquity. Furthermore, the handbook extensively discusses theories, research strategies and political contexts of hostility towards Jews, e.g. 606 $aAntisemitism$xHistory 610 $aAnti Semitism. 610 $aIdeologies, Reference Work. 610 $aTerms. 610 $aTheories. 615 0$aAntisemitism$xHistory. 676 $a305.8924 686 $aNY 8000$2rvk 701 $aBenz$b Wolfgang$0216043 801 0$bMiAaPQ 801 1$bMiAaPQ 801 2$bMiAaPQ 906 $aBOOK 912 $a9910780718803321 996 $aHandbuch des Antisemitismus$93758074 997 $aUNINA